000 00369nam a22001451a 4500
082 _aS 294.592 1
_bDEV/S
100 _aDevipandh Rath
245 _aSamajsamskarvidhom raghunansyavadanam/
_cby Devipandh Rath
260 _aKolkatta:
_bDevipandh Rath,
_c2005.
300 _a256p.
650 _aVedic Literature
650 _aHinduism
650 _aReligion
942 _cBK
999 _c39486
_d39486